000 00566nam a2200193 a 4500
001 1769935627660
003 YourLibrary
005 20260201143129.0
008 260201s1994##################000#0#eng##
020 _a9781858980249
082 0 4 _a332.10947
_bBON
100 1 _aBonin, John,
_eauthor.
245 1 0 _aThe Development and Reform of Financial Systems in Central and Eastern Europe :
260 _bEdward Elgar Publishing,
_c1994.
300 _a394 pages
650 0 _aBusiness & Economics.
942 _cENGLISH
040 _aYourLibrary
_beng
_cYourLibrary
999 _c609694
_d609694